Регионална библиотека "Любен Каравелов" - Русе

Последна любов в Цариград (Запис номер 88748)

MARC детайли
000 -Лидер
Контролно поле с фиксирана дължина 01559nam a2200325 c 4500
003 - Код на организацията, давaща контролен номер
Контролно поле BLK
005 - Дата и час на последна редакция
Контролно поле 20230208175318.0
008 - Елементи от данни с фиксирана дължина
fixed length control field 180408b bul|||||r ||||||| ||bul||
010 ## - Наследен системен номер
LC control number KNG00093441000
020 ## - Международен стандартен номер на книга ISBN
Международен стандартен номер на книга ISBN 978-954-529-643-7
040 ## - Източник на каталожния запис
Идентификатор на билиотеката - собственик на записа BLK
041 ## - Код за език
Код за езика на текст/звукозапис или на отделно заглавие Български
Код за езика КДБФ Български
080 ## - УДК
Текстов определител УДК Сръбска литература
УДК код - определител по УДК 821.163.41
УДК определител -31
УДК - код + определител 821.163.41-31
080 ## - УДК
Текстов определител УДК Игри с карти - Бридж, скат, пикет, покер, пасианс, Черен Петър, гледане на карти, хазартни игри с ка
УДК код - определител по УДК 794.4
УДК определител (084)
УДК - код + определител 794.4(084)
100 1# - Редна дума - Автор
Автор Павич, Милорад
Авторска отговорност първи автор
R(LIN) 266210
139 ## - Редно поле
Редна дума Павич, Милорад
Авторски знак Пав - П 12
245 10 - Сведения за заглавието
Заглавие Последна любов в Цариград
Подзаглавни данни Наръчник за гадаене с приложени карти Таро
Редно поле (дума) Милорад Павич; прев. от сръб. Христиана Борисова Василева.
257 ## - Страна на издаване
Страна на създаване/издаване Сърбия
260 ## - Област на издателските данни
Име на издателя, разпространителя и проч. Колибри
Година на издаване 2008
Печатница София : Симолини
300 ## - Физическа характеристика
Страници 142 с.
Илюстрации и др. с ил.
Размери/Мащаб 20 см
Съпровождащи материали карти таро 22 бр.
380 ## - Жанр
Жанр Философия
500 ## - Общи забележки
Забележка Ориг. загл. Последньу льубав у Цариграду / Милорад Павиh.
653 ## - Ключова дума – ненормативна
Ключова дума таро
700 1# - Други автори (авторска отговорност)
Лично име Василева, Христиана Борисова
Автороска отговорност (Описва отношението между автора и произведението) прев. от сръб.
9 (RLIN) 373302
852 ## - Местоположение
Форматна сигнатура Цб 246450
856 4# - Електронен адрес и достъп
Електронен формат pdf - файл
856 4# - Електронен адрес и достъп
Електронен формат pdf - файл
999 ## - СИСТЕМНИ КОНТРОЛНИ НОМЕРА
Koha biblionumber 88748
Koha biblioitemnumber 88748
942 ## - АРТИКУЛИ
Вид на библиотечния материал Книги
Скрит в OPAC Не
Koha issues (borrowed), all copies 10
Периодичен библиозапис Да
944 ## - СЪЗДАВАНЕ И РЕДАКЦИЯ на ЗАПИСА
Създаване/Редакция Създаване
Дата на регистрацията/редакция 15.01.2010
Служител, извършил регистрацията/редакцията Пенка_Димитрова
944 ## - СЪЗДАВАНЕ И РЕДАКЦИЯ на ЗАПИСА
Създаване/Редакция Редакция
Дата на регистрацията/редакция 15.01.2010
999 ## - СИСТЕМНИ КОНТРОЛНИ НОМЕРА
Koha biblioitemnumber 88748
Наличности
Код за отписване Код за изгубен артикул Код за повреда Коз за рестрикции Код за отдаване Артикулен № Име на библиотеката - собственик Име на библиотеката, в която се намира в момента Статус (Текущо местоположение) Дата на вписване в системата Местоположение - отдел Цена в лева Инвентарен номер Систематично азбучна сигнатура Баркод Номер на екземпляра Цена в евро Служебна бележка Служебен тип на артикула Източник на класификационната схема
  Не е изгубен Не е повреден без рестрикции ползва се в читалня 143842 Регионална библиотека "Любен Каравелов" Русе Регионална библиотека "Любен Каравелов" Русе Хранилище 2010-01-15 Хранилище 14.00 120000740709 Цб 246450 120000740709 1 7.16 Дост: Dp Вид: Д N: 25 Дата: 10.06.2009 Книги  
  Не е изгубен Не е повреден   заемане за дома 750640 Регионална библиотека "Любен Каравелов" Русе Регионална библиотека "Любен Каравелов" Русе Заемна - подръчен фонд 2019-12-04 Заемна - подръчен фонд 10.50   П 886.1/.7-31/П 12 120000838982   5.37   Книги Universal Decimal Classification
Vip Innovations Ltd, Rousse, Bulgaria 2025